El nuevo rǧimen legal de saneamiento en la venta de bienes de consumo

Detalles Bibliográficos
Autor principal: Castilla Barea, Margarita
Formato: Desconocido
Lenguaje:español
Publicado: Madrid: Dykinson, D.L. 2005
Materias:
Acceso en línea:Acceso restringido

MARC

LEADER 00000ny a22000003n 4500
005 20110524105752.0
008 050421s2005 sp s 000 0 spa c
017 |a D.L. M.9458-2005 
020 |a 8497726499 
035 |a 1249 
040 |a BUS  |d vLex 
040 |a UMA.RE  |d vLex 
080 |a 346.548(460)(094.4) 
090 |c 193  |d 193 
100 1 |a Castilla Barea, Margarita 
245 1 3 |a El nuevo rǧimen legal de saneamiento en la venta de bienes de consumo  |h [Recurso electrn̤ico]  |c Margarita Castilla Barea 
256 |a Servicio en ln̕ea 
260 |a Madrid:  |b Dykinson,  |c D.L. 2005 
300 |a 320 p. ;  |c 21 cm 
504 |a Bibliografa̕ 
506 1 |a Contenido solo disponible en los productos indicados  |d vLex Global  |d vLex Global (Academic Edition, excluding Law Schools)  |d vLex Global (U.S. Academic Edition, Law Schools)  |d vLex Global (U.S. Academic Edition, excluding Law Schools)  |d vLex Global (Academic Edition, Law Schools) 
650 0 7 |a Contrato de compraventa  |2 Tesauro vLex 
650 0 7 |a Civil  |2 Tesauro vLex 
650 0 7 |a Bien mueble  |2 Tesauro vLex 
650 0 7 |a Derecho de los consumidores y usuarios  |2 Tesauro vLex 
650 0 7 |a Saneamiento  |2 Tesauro vLex 
740 0 |a vLex Libros (Servicios en ln̕ea) 
856 4 0 |u http://vlex.com/source/1249  |z Acceso restringido 
942 |c BOOK 
999 0 |a Civil Law   |b Madrid